राष्ट्रीय पर्व त्यौहार एवं दिवस / (Record no. 11509)

MARC details
000 -LEADER
fixed length control field 01085 a2200217 4500
005 - DATE AND TIME OF LATEST TRANSACTION
control field 20080825142625.0
008 - FIXED-LENGTH DATA ELEMENTS--GENERAL INFORMATION
fixed length control field 080825t xxu||||| |||| 00| 0 hin d
010 ## - LIBRARY OF CONGRESS CONTROL NUMBER
LC control number HIN-83023
020 ## - INTERNATIONAL STANDARD BOOK NUMBER
Terms of availability 200.00
International Standard Book Number 9788190511759
035 ## - SYSTEM CONTROL NUMBER
System control number HN-55369
037 ## - SOURCE OF ACQUISITION
Source of stock number/acquisition पु.प्र.अ.प्र/प्रका
082 ## - DEWEY DECIMAL CLASSIFICATION NUMBER
Classification number 394.26954
100 ## - MAIN ENTRY--PERSONAL NAME
Personal name जयप्रकाश
245 ## - TITLE STATEMENT
Title राष्ट्रीय पर्व त्यौहार एवं दिवस /
Statement of responsibility, etc जयप्रकाश
246 ## - VARYING FORM OF TITLE
Title proper/short title Rashtriya Parv Tyohar eaem Diwas
Remainder of title by Jay Prakash
260 ## - PUBLICATION, DISTRIBUTION, ETC. (IMPRINT)
Place of publication, distribution, etc दिल्ली
Name of publisher, distributor, etc राही प्रकाशन
Date of publication, distribution, etc 2007
270 ## - ADDRESS
Address एल 45, गली नं5, करतार नगर
City दिल्ली
Postal code 110053
300 ## - PHYSICAL DESCRIPTION
Extent 176पृ
Dimensions 22सेमी (सजिल्द)
942 ## - ADDED ENTRY ELEMENTS (KOHA)
Institution code [OBSOLETE] dpl
Koha item type Hindi Books
Call number prefix 394.26954 / जयप्र
Source of classification or shelving scheme Dewey Decimal Classification
Classification part 394.26954
Call number suffix जयप्र
Holdings
Withdrawn status Lost status Damaged status Not for loan Home library Current library Date acquired Cost, normal purchase price Total Checkouts Full call number Barcode Date last seen Copy number Uniform Resource Identifier Cost, replacement price Price effective from Koha item type
        D.B.Act.Division D.B.Act.Division   200.00   394.26954 जयप्र HN-55369 15/09/2008 1 12621 200.00 15/09/2008 Hindi Books

© Delhi Public Library
Hit Counter
free hit counter